Legislación de tierras dominicana : (Record no. 6851)
[ view plain ]
| 000 -CABECERA | |
|---|---|
| campo de control de longitud fija | 00893nam a2200253 a 4500 |
| 001 - NÚMERO DE CONTROL | |
| campo de control | 000007068 |
| 003 - IDENTIFICADOR DEL NÚMERO DE CONTROL | |
| campo de control | DO-SdBNP |
| 005 - FECHA Y HORA DE LA ÚLTIMA TRANSACCIÓN | |
| campo de control | 20220426114001.0 |
| 007 - CAMPO FIJO DE DESCRIPCIÓN FÍSICA--INFORMACIÓN GENERAL | |
| campo de control de longitud fija | ta |
| 008 - DATOS DE LONGITUD FIJA--INFORMACIÓN GENERAL | |
| campo de control de longitud fija | 090904s1974 dr 000 0 spa d |
| 040 ## - FUENTE DE LA CATALOGACIÓN | |
| Centro catalogador/agencia de origen | DO-SdBNP |
| Lengua de catalogación | spa |
| Centro/agencia transcriptor | BNPHU |
| 082 #4 - NÚMERO DE LA CLASIFICACIÓN DECIMAL DEWEY | |
| Número de clasificación | 346.72930438 |
| Número de documento/Ítem | B715L, 1974 |
| Número de edición | 22 |
| 100 1# - ENTRADA PRINCIPAL--NOMBRE DE PERSONA | |
| Nombre de persona | Bonilla Atiles, J. A. |
| 9 (RLIN) | 19650 |
| 245 10 - MENCIÓN DE TÍTULO | |
| Título | Legislación de tierras dominicana : |
| Resto del título | el sistema Torrens / |
| Mención de responsabilidad, etc. | José Antonio Bonilla Atiles. |
| 250 ## - MENCIÓN DE EDICIÓN | |
| Mención de edición | 2a ed. |
| 260 ## - PUBLICACIÓN, DISTRIBUCIÓN, ETC. | |
| Lugar de publicación, distribución, etc. | Santo Domingo : |
| Nombre del editor, distribuidor, etc. | Librería Dominicana, |
| Fecha de publicación, distribución, etc. | 1974. |
| 300 ## - DESCRIPCIÓN FÍSICA | |
| Extensión | iii, 555 p. ; |
| Dimensiones | 24 cm. |
| 505 0# - NOTA DE CONTENIDO CON FORMATO | |
| Nota de contenido con formato | Del sistema Torrens en general -- Legislación anterior al sistema Torrens. |
| 590 ## - NOTA LOCAL (RLIN) | |
| Nota local | Inventariado 2022/BT |
| 650 #4 - PUNTO DE ACCESO ADICIONAL DE MATERIA--TÉRMINO DE MATERIA | |
| Término de materia o nombre geográfico como elemento de entrada | Registro de la propiedad |
| Subdivisión geográfica | República Dominicana |
| 9 (RLIN) | 8463 |
| 650 #4 - PUNTO DE ACCESO ADICIONAL DE MATERIA--TÉRMINO DE MATERIA | |
| Término de materia o nombre geográfico como elemento de entrada | Sistema de torres |
| Subdivisión geográfica | República Dominicana |
| 9 (RLIN) | 19651 |
| 910 ## - DATOS DE OPCIÓN DEL USUARIO (OCLC) | |
| Datos de opción del usuario | Validado. Control de calidad. MMOLINA |
| 942 ## - ELEMENTOS DE PUNTO DE ACCESO ADICIONAL (KOHA) | |
| Fuente del sistema de clasificación o colocación | Dewey Decimal Classification |
| Tipo de ítem Koha | Libro |
| Estado de retiro | Estado de pérdida | Fuente del sistema de clasificación o colocación | Restricciones de uso | No para préstamo | Código de colección | Localización permanente | Ubicación/localización actual | Ubicación en estantería | Fecha de adquisición | Signatura topográfica completa | Código de barras | Fecha visto por última vez | Número de copia | Precio válido a partir de | Tipo de ítem Koha | Fuente de adquisición |
|---|---|---|---|---|---|---|---|---|---|---|---|---|---|---|---|---|
| Dewey Decimal Classification | Préstamo en sala | Dominicana de Servicio | Biblioteca Nacional Pedro Henríquez Ureña | Biblioteca Nacional Pedro Henríquez Ureña | Depósito | 07.08.2018 | BNPHU DS 346.72930438 B715L 1974 | 7068-30 | 25.06.2020 | e.3 | 25.06.2020 | Libro | ||||
| Dewey Decimal Classification | Excluido de préstamo | Patrimonio Dominicano | Biblioteca Nacional Pedro Henríquez Ureña | Biblioteca Nacional Pedro Henríquez Ureña | Depósito | 04.09.2009 | BNPHU PD 346.72930438 B715L 1974 | 7068-10 | 25.06.2020 | 25.06.2020 | Libro | |||||
| Dewey Decimal Classification | Préstamo restringido | Patrimonio Dominicano | Biblioteca Nacional Pedro Henríquez Ureña | Biblioteca Nacional Pedro Henríquez Ureña | Depósito | 30.09.2009 | BNPHU PD 346.72930438 B715L 1974 | 7068-20 | 25.06.2020 | e.2 | 25.06.2020 | Libro | ||||
| Dewey Decimal Classification | Préstamo en sala | Dominicana de Servicio | Biblioteca Nacional Pedro Henríquez Ureña | Biblioteca Nacional Pedro Henríquez Ureña | Depósito | 18.03.2022 | BNPHU DS 346.72930438 B715L 1974 | 2022-0909 | 18.03.2022 | e.4 | 18.03.2022 | Libro | Donación |
